000 00878nam a2200265 i 4500
001 14125
003 ES-MaACL
005 20250626063132.0
007 t|
008 981006s1990 xxu |||| | eng d
020 _a0-226-53399-9
080 _a316.2 Weber, Max
080 _a943.0"1890/1920"
100 1 _aMommsen, Wolfgang J.,
_d1930-2004
_982082
245 1 0 _aMax Weber and german politics, 1890-1920 /
_cWolfgang J. Mommsen ; translated by Michael S. Steinberg.
260 _aChicago and London :
_bThe University of Chicago Press,
_c[1990]
300 _aXXI, 408 p. ;
_c23 cm.
500 _aÍndices.
504 _aBibliografía : p. [455]-498.
600 1 4 _aWeber, Max.
_9116265
651 4 _aAlemania-
_xPolitica y gobierno-
_y1871-1918.
_9170091
700 1 _aSteinberg, Michael S.
_9108047
852 _aES-MaACL
_jL-21361
999 _c14125
_d14125